00580nam a2200181Ia 450000500170000000800460001703700120006304000210007504100130009608400190010910000170012824500580014526000430020330000100024694200190025699900210027595201020029620250508151753.0008 250505s9999 xx 000 0 hin d aTextual aFEDL bengcFEDL ahin2hin a920, SHEqFEDL aShem Chandra 0aJeevan samritiya: Katipaya sahityakaro ke atma charit aDelhi, IndiabAtma Ram and Sons c1953 a248p. cTEXLh920, SHE c1332051d1332051 00104070aFEDLbFEDLd2025-05-08l0o920, SHEpEL0013056r2025-05-08 15:17:53w2025-05-08yTEXL